|
|
|
|
| LEADER |
00000nam a22000007a 4500 |
| 005 |
20210818233737.0 |
| 007 |
cr|||| ||| |
| 008 |
210818s2021 eu |||||s|||| 00||0 eng d |
| 020 |
|
|
|a 978-92-76-28399-7
|
| 035 |
|
|
|a 34215
|
| 040 |
|
|
|a vLex
|
| 090 |
|
|
|c 12054
|d 12054
|
| 100 |
1 |
|
|a Viaggi, Raffaele
|
| 245 |
1 |
3 |
|a The effects of COVID-19 induced border closures on cross-border regions
|h [Recurso electrn̤ico] :
|b 20 case studies covering the period March to June 2020 /
|c Raffaele Viaggi, Jean Rubio, Jean Peyrony
|
| 256 |
|
|
|a Servicio en ln̕ea
|
| 260 |
|
|
|a Bruselas:
|b European Union Publications Office,
|c 2021
|
| 300 |
|
|
|a 1 recurso electrn̤ico
|
| 506 |
1 |
|
|a Disponible solo en los productos indicados
|d vLex Global
|d vLex Global (Academic Edition, excluding Law Schools)
|d vLex Global (U.S. Academic Edition, Law Schools)
|d vLex Global (U.S. Academic Edition, excluding Law Schools)
|d vLex Global (Academic Edition, Law Schools)
|
| 650 |
0 |
4 |
|a Derecho Pb︢lico y Administrativo
|z Unin̤ Europea
|
| 700 |
1 |
|
|a Rubio, Jean
|
| 700 |
1 |
|
|a Peyrony, Jean
|
| 740 |
0 |
|
|a vLex Libros (Servicio en ln̕ea)
|
| 856 |
4 |
0 |
|u https://app.vlex.com/#/sources/34215
|z Acceso restringido
|
| 942 |
|
|
|c BOOK
|
| 999 |
0 |
|
|a Public and Administrative Law
|